000
00318nam a22001337a 4500
008
180126b xxu||||| |||| 00| 0 eng d
020
_a
9781305313521
041
_a
eng
080
_a
316
100
_a
50
101
_a
SOC
245
_a
Sociology of intimate relationships and sexuality
_c
Brym, R.J
942
_2
udc
_c
BK
999
_c
41059
_d
41059